|
|
|
|
| LEADER |
00851nam a2200301 4500 |
| 001 |
DLU120131252 |
| 005 |
##20120215 |
| 040 |
# |
# |
|a DLU
|b vie
|
| 041 |
# |
# |
|a vie
|
| 044 |
# |
# |
|a vn
|
| 082 |
# |
# |
|a 305.896
|b Van
|
| 245 |
# |
# |
|a Văn hoá tộc người châu Phi /
|c Phạm Minh Thảo, Nguyễn Kim Loan biên dịch.
|
| 260 |
# |
# |
|a H. :
|b Văn hoá - Thông tin,
|c 2011.
|
| 300 |
# |
# |
|a 430 tr. :
|b minh hoạ ;
|c 21 cm.
|
| 650 |
# |
# |
|a Tộc người thiểu số
|z Châu Phi
|x Đời sống xã hội và tập quán.
|
| 700 |
# |
# |
|a Nguyễn Kim Loan,
|e biên dịch.
|
| 700 |
# |
# |
|a Phạm Minh Thảo,
|e biên dịch.
|
| 923 |
# |
# |
|a 01/2012DL
|
| 991 |
# |
# |
|a SH
|
| 992 |
# |
# |
|a 69000
|
| 994 |
# |
# |
|a KDL
|
| 900 |
# |
# |
|a True
|
| 911 |
# |
# |
|a Nguyễn Thanh Hương
|
| 925 |
# |
# |
|a G
|
| 926 |
# |
# |
|a A
|
| 927 |
# |
# |
|a SH
|
| 980 |
# |
# |
|a Thư viện Trường Đại học Đà Lạt
|